000 00649nam a22002057a 4500
005 20150109151920.0
010 _aENG-111556
020 _a9789352020072
_c298.00
035 _aEN-95088
037 _bDBAD/PUB
082 _a657
100 _aMadegowda,J.
245 _aAccounting theory and analysis /
_cby J. Madegowda [and] Inchara P.M. Gowda
260 _aMumbai
_bHimalaya Publishing House
_c2015
270 _aRamdoot, Dr. Bhalerao Marg, Girgaon
_bMumbai
_e400004
300 _a359p.
_c24cm(pbk)
500 _aIncludes bibliographical references and index
700 _aGowda,Inchara P.M.
942 _2ddc
_cEN
_mMAD
_h657
999 _c90646
_d90646